| 000 | 01192cam a22002174a 4500 | ||
|---|---|---|---|
| 005 | 20250605164329.0 | ||
| 008 | 250528s ||||||||||||||||||||||||d | ||
| 035 | _a23153 | ||
| 020 | _a9781449649050 | ||
| 040 |
_aGR-AtMCL _bgre _dGR-AtMCL _eAACR2 |
||
| 245 | 1 | _aChronic Illness | |
| 250 | _a8th | ||
| 260 |
_bJones And Bartlett Learning, _c2013 |
||
| 300 | _a718 | ||
| 520 | _aThis book focus on the various aspects of chronic illness affecting both patients and their families. Preface, Impact of the Disease, Chronicity, The Illness Experience, Stigma, Adaptation, Social Isolation, Body Image, Uncertainty, Quality of Life, Adherence, Impact on the Client and Family, Family Caregiving, Sexuality, Powerlessness, Culture and Cultural Competence, Self - Care, Client and Family Education, Impact of the Healthcare Professional, Health Promotion, APRNs in Chronic Illness Care, Complementary and Alternative Therapies, Impact of the System, Models of Care, Home Health Care, Long - Term Care, Palliative Care, Health Policy, Rehabilitation, Index. | ||
| 700 | 1 |
_aLarsen Pamala D _98725 |
|
| 700 | 1 |
_aMorof Lubkin Ilene _98726 |
|
| 942 | _cBK | ||
| 999 |
_c8183 _d8183 |
||